000 00266nam a2200109Ia 4500
008 200302s9999 xx 000 0 und d
100 _aS. W. Gibbia
245 _aWood Finishing and Refinishing
260 _bD. Van Nostrand Co. Inc.
260 _c1954
300 _a255 P.,
999 _c445
_d445